| 000 | 00892nam a2200265Ia 4500 | ||
|---|---|---|---|
| 003 | OSt | ||
| 005 | 20220925184752.0 | ||
| 006 | a|||||r|||| 00| 0 | ||
| 007 | ta | ||
| 008 | 220923b |||||||| |||| 00| 0 eng d | ||
| 020 |
_a0754650464 _c3474.5 |
||
| 037 |
_b320, 07/11/2006, SHUBHAM BOOK SUPPLIER _cGeneral Book |
||
| 040 |
_aRTL _cRTL _beng |
||
| 041 |
_2eng _aeng |
||
| 082 | _aY:3(X:1), P6 | ||
| 100 |
_aBenson John Ed. _9137922 |
||
| 245 | 0 |
_aCultures of selling _b Perspectives on consumption and society since 1700. |
|
| 260 |
_aAldershot _bAshgate Publishing _c2006 |
||
| 300 |
_axiv, 297p. _ccm. |
||
| 490 | _aHistory of Retailing and Consumption. | ||
| 650 | _aSociology | ||
| 700 | _a Ugolini Laura Ed. | ||
| 942 |
_hY:3(X:1), P6 _cGB _2CC |
||
| 999 |
_c508804 _d508804 |
||